000 00794cam a22002653a 4500
001 24805
003 PGUSA
005 20140828083532.0
008 080311s2008||||xxu|||||s|||||000 j eng d
040 _aPGUSA
_beng
042 _adc
050 4 _aPR
100 1 _aBecke, Louis,
_d1855-1913
245 1 0 _a"Chinkie's Flat" :
_b1904
_h[electronic resource] /
_cLouis Becke
260 _bProject Gutenberg,
_c2008
500 _aFrom: Chinkie's Flat and Other Stories.
506 _aPublic domain in the USA.
516 _aElectronic text
653 _aPacific Area -- Social life and customs -- Fiction
653 _aSouth Pacific Ocean -- Fiction
653 _aOceania -- Fiction
830 0 _aProject Gutenberg
_v24805
856 4 0 _uhttp://www.gutenberg.org/ebooks/24805
942 _cEB
999 _c254060
_d254060